Ethepon-induced specific proteins on several rubber plant (Hevea brasiliensis Muell. Arg.) (Record no. 58854)

MARC details
000 -LEADER
fixed length control field 00537nam a2200169Ia 4500
100 ## - MAIN ENTRY--AUTHOR NAME
Personal name Sumarmadji
245 #0 - TITLE STATEMENT
Title Ethepon-induced specific proteins on several rubber plant (Hevea brasiliensis Muell. Arg.)
260 ## - PUBLICATION, DISTRIBUTION, ETC. (IMPRINT)
Name of publisher Preprints of Papers. International Natural Rubber Conference 13-14 November 2006, Vietnam, pp.137.
650 ## - SUBJECT ADDED ENTRY--TOPICAL TERM
Topical Term Ethephon
650 ## - SUBJECT ADDED ENTRY--TOPICAL TERM
Topical Term Latex
650 ## - SUBJECT ADDED ENTRY--TOPICAL TERM
Topical Term SDS-PAGE
650 ## - SUBJECT ADDED ENTRY--TOPICAL TERM
Topical Term Specific protein
700 ## - ADDED ENTRY--PERSONAL NAME
Personal name Siswanto
700 ## - ADDED ENTRY--PERSONAL NAME
Personal name Tistama Radite
942 ## - ADDED ENTRY ELEMENTS (KOHA)
Koha item type Journals
Holdings
Withdrawn status Lost status Damaged status Not for loan Home library Current library Shelving location Date acquired Koha item type
      Journals RRII Library RRII Library Plant physiology 01/01/2021 Journals